000 01077nam a2200289 i 4500
003 DO-SdBNP
005 20240412074010.0
007 ta
008 240409b2023 dr ac||| |||| 00| 0 spa d
020 _a9789945003062
040 _aDO-SdBNP
_bspa
_cBNPHU
_erda
082 4 _222
_bM671t, 2023
100 1 _aMir, Pedro,
_d1913-2000
_eautor
_97245
245 1 0 _aPedro Mir :
_btextos selectos /
_cPedro Mir ; compilación y edición, Verónica Sención ; cuidado de edición Guillermo Sención
250 _a3ra edición
264 _aSanto Domingo :
_bArcoíris Cultural
_bCervecería Nacional Dominicana,
_c2023.
300 _a146 páginas :
_bilustraciones, retratos. ;
_c23 cm.
336 _2rdacontent
_atexto
_btxt
337 _2rdamedia
_asin mediación
_bn
338 _2rdacarrier
_avolumen
_bnc
500 _aIncluye datos biográficos de la compiladora en la solapas
590 _aInventariado, 2024/BT
700 1 _aSención, Veronica,
_eedición y compilación
700 1 _aSención, Guillermo,
_ecuidado de edición
_985172
910 _aBtavárez
942 _2ddc
_cLBS1
999 _c56314
_d56314